| 000 | 00583nam a2200205 a 4500 | ||
|---|---|---|---|
| 005 | 20140310183413.0 | ||
| 008 | 070914s19uu xx 00 eng d | ||
| 020 | _a0750668806 | ||
| 050 |
_aHD 31 _b.W721 2006 |
||
| 100 | _aWilliams, Kate | ||
| 245 |
_aIntroducing management : _ba development guide / _cKate Williams |
||
| 260 |
_aU.S.A : _bButterworth-Heinneman, _c2006. |
||
| 300 |
_a327 p. : _bill. ; _c25 cm. |
||
| 500 | _aInclude index. | ||
| 521 | _aBSBA | ||
| 650 |
_aManagement _xStudy and teaching. |
||
| 650 | _aManagement. | ||
| 942 |
_cBK _2lcc _kFOR |
||
| 999 |
_c22530 _d22530 |
||